Dosahy finančnej revolúcie na podnikanie a právo

Finančná revolúcia a jej základné črty. Kam smeruje podnikanie, kam smeruje právo. Niektoré dôsledky finančnej revolúcie, ktoré sa v plnej miere rozvinuli v rámci podnikanie a sčasti i práva.

Uložené v:
Podrobná bibliografia
Hlavný autor: Markovič, Peter, 1974-
Médium: Kapitola
Jazyk:Slovak
Predmet:
Tagy: Pridať tag
Žiadne tagy, Buďte prvý, kto otaguje tento záznam!

MARC

LEADER 00000nla$a2200000$$$4500
001 0084284
005 20240502071941.6
041 0 |a slo 
044 |a SK 
245 1 0 |a Dosahy finančnej revolúcie na podnikanie a právo  |c Peter Markovič 
520 |a Finančná revolúcia a jej základné črty. Kam smeruje podnikanie, kam smeruje právo. Niektoré dôsledky finančnej revolúcie, ktoré sa v plnej miere rozvinuli v rámci podnikanie a sčasti i práva. 
610 2 0 |a financie 
610 2 0 |a revolúcia 
610 2 0 |a financie podnikové 
610 2 0 |a riadenie podnikové 
610 2 0 |a risk management 
100 1 |a Markovič, Peter, 1974-